[Event "NOR-chB"]
[Site "Oslo"]
[Date "2015.07.11"]
[Round "9"]
[White "Kyrkjebo, Erlend"]
[Black "Thanke, Bror"]
[Result "1-0"]
[WhiteElo "2051"]
[BlackElo "2107"]
[PlyCount "161"]
[EventDate "2015.07.04"]
[EventType "swiss"]
[EventRounds "9"]
[EventCountry "NOR"]
[SourceTitle "EXT 2017"]
[Source "ChessBase"]
[SourceDate "2016.10.25"]
[SourceVersion "1"]
[SourceVersionDate "2016.10.25"]
[SourceQuality "1"]

1. e4 e5 2. Nf3 Nc6 3. Nc3 Nf6 4. d4 exd4 5. Nd5 Be7 6. Bf4 d6 7. Nxd4 0-0 8. Nb5 Nxd5 9. exd5 a6 10. dxc6 axb5 11. Bxb5 Bg5 12. Qf3 Bxf4 13. Qxf4 Qe8+ 14. Qe3 bxc6 15. Bd3 Be6 16. a3 c5 17. b3 c4 18. bxc4 Ra5 19. 0-0 Qc6 20. Rfb1 Bxc4 21. Rb4 Bxd3 22. cxd3 Re8 23. Qd2 Rae5 24. Rc4 Qb6 25. h3 d5 26. Rb4 Qd6 27. Rab1 d4 28. a4 h6 29. Rb8 Rxb8 30. Rxb8+ Kh7 31. Rb1 Rg5 32. Qe2 Qd5 33. f4 Rg6 34. Rb5 c5 35. a5 Re6 36. Qc2 Re1+ 37. Kh2 Qf5 38. Qf2 Ra1 39. Qxd4 cxd4 40. Rxf5 Kg6 41. Rd5 Kf6 42. Kg3 Ra3 43. Rxd4 Rxa5 44. Re4 Ra3 45. Re3 Ra2 46. Kf3 g5 47. g4 Rh2 48. Kg3 Rd2 49. h4 gxh4+ 50. Kxh4 Rd1 51. Kg3 Rf1 52. Re5 Rd1 53. Rd5 Rg1+ 54. Kf3 Rf1+ 55. Ke4 Re1+ 56. Kf3 Rf1+ 57. Ke3 Rg1 58. Rd6+ Kg7 59. Kf3 Rf1+ 60. Ke4 Rh1 61. Kf5 h5 62. gxh5 Rxh5+ 63. Ke4 Rh1 64. d4 Re1+ 65. Kf5 Rh1 66. d5 Rd1 67. Rd8 Rd2 68. Ke5 Re2+ 69. Kd6 Rf2 70. Re8 Rxf4 71. Kc5 Rf1 72. d6 Rc1+ 73. Kb6 Rb1+ 74. Kc7 Rc1+ 75. Kd8 Rd1 76. d7 f5 77. Ke7 Re1+ 78. Kd6 Rd1+ 79. Ke6 Re1+ 80. Kxf5 Rf1+ 81. Kg4 1-0

[Event "NOR-chB"]
[Site "Oslo"]
[Date "2015.07.04"]
[Round "7"]
[White "Grebstad, Kjell Borre"]
[Black "Thanke, Bror"]
[Result "1-0"]
[WhiteElo "1998"]
[BlackElo "2107"]
[PlyCount "85"]
[EventDate "2015.07.04"]
[EventType "swiss"]
[EventRounds "9"]
[EventCountry "NOR"]
[SourceTitle "EXT 2017"]
[Source "ChessBase"]
[SourceDate "2016.10.25"]
[SourceVersion "1"]
[SourceVersionDate "2016.10.25"]
[SourceQuality "1"]

1. d4 Nf6 2. c4 e6 3. Nc3 Bb4 4. Qc2 0-0 5. a3 Bxc3+ 6. Qxc3 b6 7. Nf3 Bb7 8. g3 c5 9. dxc5 Ne4 10. Qc2 bxc5 11. Bg2 d5 12. 0-0 Nc6 13. cxd5 exd5 14. Rd1 Qe7 15. Be3 Rac8 16. Rac1 c4 17. Nd4 Ne5 18. Bh3 Rcd8 19. Nf5 Qc7 20. Bxa7 Rfe8 21. Bd4 Bc8 22. f3 Nc5 23. f4 Bxf5 24. Bxf5 Ng6 25. b3 Ne6 26. Bxe6 fxe6 27. bxc4 dxc4 28. Qxc4 Qf7 29. a4 Qf5 30. Bb6 Rb8 31. a5 h5 32. Qd3 Qf7 33. Rc7 Ne7 34. Qe4 Qf6 35. Bd4 Qh6 36. Be5 Rbc8 37. Rdd7 Rxc7 38. Rxc7 h4 39. Kg2 Nf5 40. g4 h3+ 41. Kf3 Ne7 42. a6 Qh4 43. Bc3 1-0

[Event "NOR-chB"]
[Site "Lillehammer"]
[Date "2013.07.05"]
[Round "8"]
[White "Aulin Jansson, Joran"]
[Black "Thanke, Bror"]
[Result "0-1"]
[WhiteElo "2222"]
[BlackElo "2161"]
[PlyCount "74"]
[EventDate "2013.06.29"]
[EventType "swiss"]
[EventRounds "9"]
[EventCountry "NOR"]
[SourceTitle "EXT 2014"]
[Source "ChessBase"]
[SourceDate "2013.11.20"]
[SourceVersion "1"]
[SourceVersionDate "2013.11.20"]
[SourceQuality "1"]

1. d4 Nf6 2. Nf3 d6 3. c4 g6 4. Nc3 Bg7 5. e4 0-0 6. Be2 Nc6 7. d5 Nb8 8. 0-0 e5 9. Ne1 Ne8 10. Nd3 Nd7 11. Be3 Qe7 12. b4 f5 13. f3 f4 14. Bf2 g5 15. Nb5 b6 16. c5 Ndf6 17. a4 g4 18. a5 bxc5 19. bxc5 a6 20. Na3 Qf7 21. Nc4 Qg6 22. cxd6 cxd6 23. Nb6 Rb8 24. Rc1 Bb7 25. fxg4 Rf7 26. Nb4 Nc7 27. Rc4 Nb5 28. Bf3 Re8 29. h3 Nd4 30. Re1 Nxf3+ 31. gxf3 h5 32. Qe2 hxg4 33. hxg4 Nxg4 34. Kh1 Qh5+ 35. Kg1 Qh2+ 36. Kf1 Qh1+ 37. Bg1 Ne3+ 0-1

[Event "NOR-ch Master"]
[Site "Lillehammer"]
[Date "2013.06.29"]
[Round "2"]
[White "Stray, Gunnar"]
[Black "Thanke, Bror"]
[Result "1/2-1/2"]
[WhiteElo "2032"]
[BlackElo "2106"]
[PlyCount "91"]
[EventDate "2013.06.29"]
[EventType "swiss"]
[EventRounds "9"]
[EventCountry "NOR"]
[SourceTitle "EXT 2018"]
[Source "ChessBase"]
[SourceDate "2017.10.13"]
[SourceVersion "1"]
[SourceVersionDate "2017.10.13"]
[SourceQuality "1"]

1. d4 g6 2. e4 Bg7 3. c3 d6 4. Nf3 Nf6 5. Nbd2 0-0 6. Bc4 Nc6 7. 0-0 e5 8. dxe5 dxe5 9. h3 Qe7 10. Re1 a6 11. b4 Nh5 12. Nf1 Nd8 13. Ne3 Nf4 14. Nd5 Nxd5 15. Bxd5 Ne6 16. g3 Rd8 17. Qc2 c6 18. Bc4 b5 19. Bf1 c5 20. a4 Bd7 21. axb5 axb5 22. Rxa8 Rxa8 23. bxc5 Nxc5 24. Be3 Bc6 25. Nd2 Bf8 26. Rb1 Qd7 27. c4 bxc4 28. Bxc4 Ne6 29. Nf3 Bg7 30. Bxe6 Qxe6 31. Ng5 Qe8 32. Qc4 Rc8 33. Qd3 h6 34. Nf3 Qe6 35. Kh2 f5 36. exf5 gxf5 37. Nh4 Be4 38. Qb3 Bd5 39. Qb6 Bc6 40. Rd1 Bf6 41. Ng2 Be7 42. Qa7 Bg5 43. Bxg5 hxg5 44. Qb6 Re8 45. Rc1 Bxg2 46. Qxe6+ 1/2-1/2

[Event "NOR-ch Master"]
[Site "Lillehammer"]
[Date "2013.06.29"]
[Round "3"]
[White "Thanke, Bror"]
[Black "Vea, Odin Blikra"]
[Result "0-1"]
[WhiteElo "2106"]
[BlackElo "2184"]
[PlyCount "78"]
[EventDate "2013.06.29"]
[EventType "swiss"]
[EventRounds "9"]
[EventCountry "NOR"]
[SourceTitle "EXT 2018"]
[Source "ChessBase"]
[SourceDate "2017.10.13"]
[SourceVersion "1"]
[SourceVersionDate "2017.10.13"]
[SourceQuality "1"]

1. e4 c5 2. Nf3 Nc6 3. d4 cxd4 4. Nxd4 Nf6 5. Nc3 e6 6. Ndb5 Bb4 7. a3 Bxc3+ 8. Nxc3 d5 9. exd5 exd5 10. Bd3 d4 11. Ne2 Bg4 12. h3 Bh5 13. 0-0 0-0 14. Bf4 Nd5 15. Qd2 Bxe2 16. Bxe2 Qb6 17. Rab1 Nxf4 18. Qxf4 Rad8 19. Rfd1 Ne7 20. Bf3 Rfe8 21. Qd2 Ng6 22. Qb4 Qxb4 23. axb4 b6 24. Ra1 Re7 25. Rd2 Ne5 26. Be2 g5 27. Rad1 Red7 28. Kf1 Kg7 29. g3 d3 30. cxd3 Nc6 31. Bf3 Nd4 32. Kg2 Rc7 33. b5 Re7 34. Bc6 a6 35. b4 axb5 36. Bf3 Rc8 37. Ra2 Rc3 38. Ra6 Rc2 39. Rxb6 Re5 0-1

[Event "NOR-ch"]
[Site "Sandefjord"]
[Date "2012.07.10"]
[Round "5.8"]
[White "Notkevich, Benjamin Arvola"]
[Black "Thanke, Bror"]
[Result "1-0"]
[WhiteElo "2279"]
[BlackElo "2176"]
[PlyCount "109"]
[EventDate "2012.07.07"]
[EventType "swiss"]
[EventRounds "9"]
[EventCountry "NOR"]
[SourceTitle "CBM 149 Extra"]
[Source "ChessBase"]
[SourceDate "2012.08.24"]
[SourceVersion "1"]
[SourceVersionDate "2012.08.24"]
[SourceQuality "1"]

1. Nf3 d5 2. g3 g6 3. Bg2 Bg7 4. d4 c6 5. 0-0 Nd7 6. c4 dxc4 7. a4 a5 8. Nbd2 Nb6 9. b3 c3 10. Nc4 Be6 11. Qd3 Nf6 12. Qxc3 Bd5 13. Bf4 Ne4 14. Qd3 0-0 15. Ne3 Nd6 16. Nxd5 Nxd5 17. Bd2 e6 18. Ne5 Nb4 19. Qc3 Rc8 20. Rad1 Nf5 21. Qb2 Ne7 22. e3 Ned5 23. e4 Ne7 24. Be3 Qc7 25. Bf4 g5 26. Be3 h6 27. Qe2 c5 28. Nc4 cxd4 29. Bxd4 Bxd4 30. Rxd4 Rfd8 31. Rfd1 Rxd4 32. Rxd4 Rd8 33. Qd2 Rxd4 34. Qxd4 Nbc6 35. Qd2 Ng6 36. Bf1 Nge5 37. Qd6 Nf3+ 38. Kg2 Qxd6 39. Nxd6 Nd2 40. Bc4 Nxc4 41. bxc4 Nd8 42. e5 Kf8 43. Kf3 Ke7 44. Kg4 f6 45. Kh5 f5 46. f4 g4 47. Kxh6 Kd7 48. Kg7 b6 49. Kf6 Nc6 50. Nb5 Nb4 51. Nd4 Nd3 52. Nxe6 Nb2 53. Nd4 Nxa4 54. e6+ Ke8 55. Nxf5 1-0

[Event "NOR-ch"]
[Site "Sandefjord"]
[Date "2012.07.09"]
[Round "3"]
[White "Kvisvik, Brede Alexander"]
[Black "Thanke, Bror"]
[Result "1/2-1/2"]
[WhiteElo "2342"]
[BlackElo "2176"]
[PlyCount "84"]
[EventDate "2012.07.07"]
[EventType "swiss"]
[EventRounds "9"]
[EventCountry "NOR"]
[SourceTitle "CBM 149 Extra"]
[Source "ChessBase"]
[SourceDate "2012.08.24"]
[SourceVersion "1"]
[SourceVersionDate "2012.08.24"]
[SourceQuality "1"]

1. d4 Nf6 2. c4 e6 3. Nf3 Bb4+ 4. Nbd2 b6 5. a3 Bxd2+ 6. Qxd2 a5 7. b3 Bb7 8. e3 0-0 9. Be2 d6 10. 0-0 Nbd7 11. Bb2 Qe7 12. Qc2 c5 13. Rad1 Rfc8 14. Qb1 Nf8 15. a4 Ng6 16. Qa1 Re8 17. Ne1 Rad8 18. Nc2 e5 19. d5 e4 20. Na3 Ne5 21. Nb5 Bc8 22. h3 h6 23. Rd2 Bf5 24. Bd1 Qd7 25. Kh2 Nh7 26. Be2 Bxh3 27. Bxe5 Rxe5 28. gxh3 Ng5 29. Bg4 f5 30. Be2 Nxh3 31. Nxd6 Qxd6 32. Kxh3 Rf8 33. Rg1 g5 34. Kg2 f4 35. exf4 Rxf4 36. f3 exf3+ 37. Bxf3 Re3 38. Rf2 g4 39. Be2 h5 40. Qb1 h4 41. Rxf4 Rg3+ 42. Kh1 Rh3+ 1/2-1/2

[Event "NOR-ch"]
[Site "Sandefjord"]
[Date "2012.07.09"]
[Round "4"]
[White "Thanke, Bror"]
[Black "Lie, Espen"]
[Result "0-1"]
[WhiteElo "2176"]
[BlackElo "2455"]
[PlyCount "80"]
[EventDate "2012.07.07"]
[EventType "swiss"]
[EventRounds "9"]
[EventCountry "NOR"]
[SourceTitle "CBM 149 Extra"]
[Source "ChessBase"]
[SourceDate "2012.08.24"]
[SourceVersion "1"]
[SourceVersionDate "2012.08.24"]
[SourceQuality "1"]

1. d4 d6 2. e4 Nf6 3. Nc3 e5 4. dxe5 dxe5 5. Qxd8+ Kxd8 6. Bg5 Be6 7. 0-0-0+ Kc8 8. Nf3 Nbd7 9. Bd3 h6 10. Bxf6 gxf6 11. Rhf1 Bb4 12. Nd5 Bc5 13. a3 a5 14. Nh4 c6 15. Ne3 Bxe3+ 16. fxe3 Kd8 17. Nf5 Bxf5 18. Rxf5 Ke7 19. Rh5 Rag8 20. Rd2 Rg4 21. Rf2 Nc5 22. Rhf5 Rg6 23. g3 h5 24. b4 axb4 25. axb4 Ne6 26. h4 Ng7 27. R5f3 Ne8 28. c4 Nc7 29. Ra2 Na6 30. Ra4 Rd8 31. Bc2 Rdg8 32. Kd2 Rxg3 33. Rxg3 Rxg3 34. Bd1 Rg2+ 35. Kc3 Rh2 36. Bxh5 Rxh4 37. Be2 Rxe4 38. Kd3 Rh4 39. Kc3 f5 40. c5 Nxc5 0-1